| 000 | 01190nam a22003257i 4500 | ||
|---|---|---|---|
| 003 | EG-GICUC | ||
| 005 | 20260121101452.0 | ||
| 008 | 251211s1973 ua ||||fr|||| 00| 0 ara d | ||
| 017 | _a19734147 | ||
| 040 |
_a EG-GICUC _bara _c EG-GICUC _d EG-GICUC _erda |
||
| 041 | _aara | ||
| 082 | 0 | 4 |
_221 _a343.623062 _bم ح . م |
| 092 | 0 | 4 | _221 |
| 099 | _aLaw1 10 343.623062 م ح . م 1973 | ||
| 100 | 0 |
_aمحمد فتحى، _eمؤلف. |
|
| 245 | 1 | 0 |
_aمشكلة التحليل النفسى فى مصر. _nالجزء الثاني، _pحول قانون العلاج النفسي / _cمحمد فتحى. |
| 264 | 3 |
_aالقاهرة : _bمطبعة السعادة، _c1973. |
|
| 300 |
_a328 صفحة ؛ _c24 سم. |
||
| 336 |
_2rda content _atext |
||
| 337 |
_2rda media _aComputer |
||
| 338 |
_2rda carrier _aOnline Resource |
||
| 504 | _aيحتوي على ارجاعات ببليوجرافية | ||
| 546 | _aالنص باللغة العربية | ||
| 650 | 1 | 4 |
_aالإتجاة النفساني _2qrmak |
| 650 | 1 | 4 |
_aالعلاج النفسي _2qrmak |
| 651 | 1 | _2qrmak | |
| 856 | 4 | 0 | _uhttps://fll.law.cu.edu.eg/fulltext/bks/B10-07171.pdf |
| 905 |
_a75 _eHassnaa |
||
| 942 |
_2ddc _cBK _e21 _n0 |
||
| 999 |
_c49841 _d49841 |
||